Stews from around the world by Images - Statistics

General Stats
  • This quiz has been taken 6 times
  • The average score is 1 of 16
Answer Stats
Picture Answer % Correct
Gumbo
50%
Feijoada
17%
Flaki
17%
Goulash
17%
Irish stew
17%
Bamia
0%
Caldeirada
0%
Coq au Vin
0%
Fårikål
0%
Hasenpfeffer
0%
Jjigae
0%
Kadhi
0%
Lecsó
0%
Oden
0%
Pozole
0%
Waterzooi
0%
No matching quizzes found
Score Distribution
Percent of People with Each Score
Percentile by Number Answered
Your Score History
You have not taken this quiz